000 00757nam a2200241Ia 4500
003 OSt
005 20220923211632.0
006 a|||||r|||| 00| 0
007 ta
008 220922b |||||||| |||| 00| 0 san d
024 _a35,870
037 _cTextual
040 _aARTS
_cARTS
_bsan
041 _2san
_asan
082 _aQ125:24:g, 15L7
100 _aसुरेश्वराचार्य
_9161150
245 0 _aतैत्तिरीयोपनिषद्धाष्यवार्तिकम्
246 _aTaittirīyopaniṣhaddhāṣhyavārtikam
260 _c1977
300 _a224चण्
_ccm.
942 _hQ125:24:g, 15L7
_cTEXL
_2CC
999 _c301833
_d301833